Responding to hate at school : a guide for teachers, counselors and administrators.

Offers proven strategies and conrete recommendations for addressing day-to-day problems such as casual use of putdowns, emergency situations like hate crimes, and long-term issues including school policies and staff development designed to promote harmony.

Bibliographic Details
Corporate Author: Teaching Tolerance (Project)
Other Authors: Harrison, Mary M.
Format: Book
Language:English
Published: Montgomery, AL : published by Teaching Tolerance, 1999.
Edition:1st ed.
Subjects:

MARC

Tag First Indicator Second Indicator Subfields
LEADER 00000cam a2200000Ia 4500
001 in00002778721
005 20150922132305.0
008 991022s1999 alua b 000 0 eng d
020 |a 0130284580 
020 |a 9780130284587 
035 |a (OCoLC)ocm42685422 
035 |a (OCoLC)42685422 
040 |a VWM  |c VWM  |d UUC  |d THM  |d NTE  |d YDXCP  |d VOV  |d TXA  |d UtOrBLW 
049 |a TXAM 
050 4 |a LC210  |b .R48 1999 
082 0 |a 364.1 
245 0 0 |a Responding to hate at school :  |b a guide for teachers, counselors and administrators. 
250 |a 1st ed. 
264 1 |a Montgomery, AL :  |b published by Teaching Tolerance,  |c 1999. 
300 |a 64 pages :  |b illustrations ;  |c 27 cm. 
336 |a text  |b txt  |2 rdacontent 
337 |a unmediated  |b n  |2 rdamedia 
338 |a volume  |b nc  |2 rdacarrier 
500 |a "Produced by Teaching Tolerance, a project of the Southern Poverty Law Center. ... The principal writer and researcher was Mary M. Harrison."--cover page [3]. 
504 |a Includes bibliographical references (pages 58-64). 
520 |a Offers proven strategies and conrete recommendations for addressing day-to-day problems such as casual use of putdowns, emergency situations like hate crimes, and long-term issues including school policies and staff development designed to promote harmony. 
541 0 |a Donated by The Department of Multicultural Services  |d 20121023 
650 0 |a Toleration  |x Study and teaching. 
650 0 |a Discrimination in education  |x Prevention. 
650 0 |a Racism  |x Prevention. 
650 0 |a Hate crimes  |x Prevention. 
700 1 |a Harrison, Mary M. 
710 2 |a Teaching Tolerance (Project) 
938 |a YBP Library Services  |b YANK  |n 1862954 
948 |a cataloged  |b h  |c 2012/10/23  |d c  |e cfellows  |f 10:47:21 am 
994 |a C0  |b TXA 
999 |a MARS 
999 f f |s eacbe053-019d-368d-a35f-595910b23f41  |i aa8f1790-89d9-333b-b51b-e27de168cd28  |t 0 
952 f f |p noncirc  |a Texas A&M University  |b College Station  |c Cushing Memorial Library & Archives  |d Cushing: Area Studies/Africana (Does not check out)  |t 0  |e LC210 .R48 1999  |h Library of Congress classification  |i unmediated -- volume 
998 f f |a LC210 .R48 1999  |t 0  |l Cushing: Area Studies/Africana (Does not check out)